Contries nearest to France - Sudden death - Statistics

General Stats
  • This quiz has been taken 127 times
  • The average score is 6 of 14
Answers on the Grid
Answers color-coded by a green-red scale on the quiz's grid according to % correct below.
Switzerland
Albania
Belgium
Germany
Denmark
Poland
Libya
Malta
Italy
Spain
Portugal
Ukraine
Romania
Netherlands
San Marino
Vatican City
Croatia
Liechtenstein
Luxembourg
Slovenia
Serbia
Egypt
United Kigdom
Lebanon
Cyprus
Algeria
Russia
Norway
Tunisia
Austria
 
Answer Stats
Answer % Correct
Germany
83%
Switzerland
80%
Belgium
79%
Spain
71%
Italy
68%
Luxembourg
53%
Netherlands
42%
United Kigdom
41%
Portugal
35%
Vatican City
21%
Austria
20%
Algeria
14%
San Marino
14%
Tunisia
14%
No matching quizzes found
Score Distribution
Percent of People with Each Score
Percentile by Number Answered
Your Score History
You have not taken this quiz